02466cam a22003734i 4500003000900000005001700009008004100026035002000067040003300087082002100120111009100141245009100232264009000323300006100413336002100474337002500495338002300520490004500543504005000588505130000638526001001938526001001948526001001958526001001968526000801978526000801986526000801994526000802002526000802010526000802018526000802026650002302034650003502057PE-LiUPU20250731173029.0170809s2013 miua rb 000 0 eng d a(Sirsi) a238210 aPE-LiUPUbspacPE-LiUPUerda04a286.7096bT62202 aAdventist Mission in Africa Conference n (3rd :d 2011 :c Berrien Springs, Michigan)10aToward a bright future :beconomic self-reliance in Africa /cBruce L. Bauer [editor]. 1aBerrien Springs, Michigan :bDepartament of World Mission, Andrews University,c2013. axii, 233 páginas :bilustraciones ;c23 centímetros. atext2rdacontent aunmediated2rdamedia avolume2rdacarrier0 aAndrews University mission studies ;v12 aBibliografía : Al final de cada capítulo.0 aA look into the future: what will Africa and the Church look like in 20 years -- A response to A look into the future: what will Africa and the Church look like in 20 years -- The role of educational institutions in improving economic self-reliance -- A response to The role of educational institutions in improving economic self-reliance -- Power structures as a deterrent to economic self-reliance -- A response to Power structures as a deterrent to economic self-reliance -- The impact of micro-finance projects in developing self-reliance -- A response to The impact of micro-finance projects in developing self-reliance -- Does ADRA have a responsibility to the Church? A paradigm shift in Adventist Community Ministries -- A response to Does ADRA have a responsibility to the Church? A paradigm shift in Adventist Community Ministries -- Toward a Seventh-day Adventist theology of economic self-reliance -- A response to Toward a Seventh-day Adventist theology of economic self-reliance -- The impact of African cultures on economic self-reliance -- A response to The impact of African cultures on economic self-reliance -- The causes of ethnic conflicts and their impact on economic self-reliance -- A response to The causes of ethnic conflicts and their impact on economic self-reliance. aSEG42 aSEG41 aSEG40 aSEG39 aP94 aP87 aP86 aP85 aP77 aP76 aP3504aAfricaxReligión04aÁfricaxCondiciones sociales